Anuari polític de Catalunya / direcció: Joan Marcet ; coordinació: Lucía Medina Joan Marcet ; coordinació:
ISBN:
2013-0120
Descripción Física:
taules, gràf. ; 27 cm
MARC
| LEADER | 00000nam a2200000Ia 4500 | ||
|---|---|---|---|
| 001 | |||
| 008 | 160829s2008- xx 000 0 cat d | ||
| 008 | 160829s9999 xx 000 0 cat d | ||
| 020 | |a 2013-0120 | ||
| 080 | |a Revistes | ||
| 245 | |a Anuari polític de Catalunya / direcció: |b Joan Marcet ; coordinació: |b Lucía Medina | ||
| 260 | |a Barcelona : |b ICPS, Institut de Ciències Polítiques i Socials, |c 2008- | ||
| 300 | |a taules, gràf. ; |c 27 cm | ||
| 362 | |a Núm. 1 (2008)- | ||
| 590 | |a Anual | ||
| 610 | 1 | 0 | |a Catalunya. |b Parlament |9 11492 |
| 650 | |a Política |x Catalunya |x Revistes |9 44789 | ||
| 650 | |a Eleccions |x Catalunya |x Revistes I |9 44790 | ||
| 650 | |a Administració local |x Catalunya |x Revistes |9 43906 | ||
| 650 | |a Partits polítics |x Catalunya |x Revistes |9 44791 | ||
| 700 | |a Marcet, Joan, dir. |9 44792 | ||
| 700 | |a Medina, Lucía, coord. |9 44793 | ||
| 710 | 2 | |a Institut de Ciències Polítiques i Socials (Barcelona, Catalunya) |9 55871 | |
| 866 | |a 2007 | ||
| 901 | |a Arxiu | ||
| 942 | |n 1 | ||
| 952 | |0 0 |1 0 |4 0 |6 REVISTES |7 1 |9 52171 |a Arxiu |b Arxiu |d 2016-12-01 |l 0 |o Revistes |r 2016-12-01 00:00:00 |w 2016-12-01 |y ARXIU | ||
| 999 | |c 56019 |d 56019 | ||